000 02102cam a22005054i 4500
003 PE-LiUPU
005 20250731173338.0
008 150706s2007 xxk r 000 0 eng d
020 _a9780567032102
035 _a(Sirsi) i9780567032102
040 _aPE-LiUPU
_bspa
_cPE-LiUPU
_erda
049 _aPRUA
082 0 4 _a220.601
_bS75
_221
100 1 _aSpinks, D. Christopher,
_eautor.
245 1 4 _aThe Bible and the crisis on meaning :
_bdebates on the theological interpretation of scripture /
_cD. Christopher Spinks.
250 _aQuinta edición.
264 1 _aLondon ; New York :
_bT and T Clark,
_c[2007].
300 _a201 páginas ;
_c24 centímetros
336 _atext
_2rdacontent
337 _aunmediated
_2rdamedia
338 _avolume
_2rdacarrier
490 0 _aT & T Clark Theology
504 _aIncluye bibliografía.
505 0 _aScripture, community and the crisis of meaning -- From meanings to interests: Stephen Fowl's critique of concepts of meaning and Its implications for theological -- From intentions to meanings: Kevin Vanhoozer's defense of authorial intention and Its implications for theological interpretation -- "Meaning" as a triadic term -- Mediation and conversation.
526 _aSEG42
526 _aSEG41
526 _aSEG40
526 _aSEG39
526 _aP94
526 _aP87
526 _aP86
526 _aP85
526 _aP77
526 _aP76
526 _aP35
541 _g20081126230934D47324;
650 2 4 _aDogma.
650 1 4 _aHermenéutica bíblica.
910 _agl
_bjv
_clch
_d20090816
942 _2ddc
_cBOOK
949 _a220.601 S75
_wDEWEY
_c1
_i59831
_d2016-11-9
_e2016-11-3
_lCCODEBUL1
_mBUL
_n2
_p99.00
_r0
_sY
_tBOOK
_u2015-7-6
_xTEOLOGIA
_PP85
_0COMPRA
_o.STAFF. Colección Teología
994 _aC0
_bPEPRU
596 _a1
999 _a220.601 S75
_wDEWEY
_c49365
_i59831
_d49365
_e2016-11-3
_f2021-11-9
_g5
_lCCODEBUL1
_mBUL
_n2
_p99.00
_q1
_r0
_sY
_tBOOK
_u2015-7-6
_xTEOLOGIA
_PP85
_0COMPRA
_o.STAFF. Colección Teología
980 _81
_gALBERTO SANCHEZ Responsable de Automatización